000
00344pab a2200145 454500
008
180718b2003 xxu||||| |||| 00| 0 eng d
100
_a
Krueger, Anne O.
245
_a
Globalisation: preserving tghe benefits
260
_c
2003
300
_a
p.21-22.
362
_a
Dec
650
_a
Globalization
773
_a
OECD Observer
909
_a
59172
999
_c
59172
_d
59172